00478cam a22001337a 4500008004000000020001800040082001500058100001900073245016100092260003000253300001000283650001800293650003300311180718b2017 xxu||||| |||| 00| 0 eng d a9788126922987 aT478 Sa21g aSaikia, Makhan aGlobalization and intellectual property rights : a comparative study of the patent governance systems of India and the European Union (EU)cby Makhan Saikia aNew DelhibAtlanticc2017 a466p. aGlobalization aIntellectual property rights